Evaluation of field performance: Polybag Vs Root trainer rubber plants at different stages (Record no. 49598)

MARC details
000 -LEADER
fixed length control field 00550nam a2200145Ia 4500
100 ## - MAIN ENTRY--AUTHOR NAME
Personal name George S
245 #0 - TITLE STATEMENT
Title Evaluation of field performance: Polybag Vs Root trainer rubber plants at different stages
260 ## - PUBLICATION, DISTRIBUTION, ETC. (IMPRINT)
Name of publisher IRC 2012. International Rubber Conference, 28-31 October 2012, Kovalam, India, Rubber Research Institute of India, Kottayam and IRRDB, Malaysia: Abstracts. pp.139.
650 ## - SUBJECT ADDED ENTRY--TOPICAL TERM
Topical Term Root trainer
700 ## - ADDED ENTRY--PERSONAL NAME
Personal name Idicula S.P
700 ## - ADDED ENTRY--PERSONAL NAME
Personal name Soman T.A
700 ## - ADDED ENTRY--PERSONAL NAME
Personal name Syamala V.K
942 ## - ADDED ENTRY ELEMENTS (KOHA)
Koha item type Bibliography STAF
Holdings
Withdrawn status Lost status Damaged status Not for loan Home library Current library Shelving location Date acquired Koha item type
      Bibliography RRII Library RRII Library Crop management 17/04/2012 Bibliography STAF